00775nam a2200229Ii 45000010005000000030009000050080041000140200013000550400033000680410008001010820014001091100059001232450034001822640036002163000012002523360026002643370028002903380027003189400050003459990017003959520133004123791CO-ViMGA241108s9999||||xx |||||||||||||| ||und|| a01203754 aCO-ViMGAbspaerdacCO-ViMGA0 aspa04a350 E84ad1 aEscuela Superior de Administración Pública,95284410aAdministración y desarrollo 1aBogotá, Colombia : ESAP, 1983 avolumen atextbtxt2rdacontent aunmediatedbn2rdamedia avolumebnc2rdacarrier aidficha_siabuc: 3702. -- ficha_no_siabuc:3791 c47817d47817 001040708001aMEVIGERRbMEVIGERRcGENd2006-11-27o350 E84adpECA2410r2024-11-26 09:37:38tEj.1w2024-11-26yBKz3702 | 5461